Sanat - "Jouluyö, juhlayö" - Statistics

Yleistilastot
  • Tätä visaa on pelattu 293 kertaa
  • Keskiarvotulos 37 / 55
Vastaustilastot
Sanat % Oikein
Jouluyö,
100%
Jouluyö,
100%
Jouluyö,
100%
juhlayö!
100%
juhlayö!
100%
juhlayö!
100%
on
98%
on
98%
on
98%
on,
98%
on!!
98%
on
98%
Päättynyt
98%
työ.
98%
työ.
98%
työ.
98%
kaik
94%
Kaks
80%
vain
79%
valveil
79%
lapsen
77%
nukkuessa
77%
puolisoa
77%
herttaisen
74%
seimikätkyessään,
57%
seimikätkyessään.
57%
suur,
57%
suur!
57%
Enkel
53%
syntynyt
53%
syntynyt
53%
Kristus
52%
Kristus
52%
nyt
50%
Paimenil
50%
ilmoitti
49%
kunnia
48%
Olkoon
48%
olkoon
48%
olkoon
48%
yksin
48%
Jumalalle!
47%
riemu
47%
heill':
46%
koittanut
46%
suosio
46%
suosio
46%
Suuri
46%
taivaasta
46%
ihmisille
45%
rauha,
45%
Maassa
43%
myös
43%
teill'!
43%
Täytetty
32%
Ehtoja vastaavia visoja ei löytynyt
Tulosjakauma
Jokaisen tuloksen saaneiden osuus
Persentiili vastausten määrän mukaan
Tuloshistoriasi
Et ole pelannut tätä visaa